| 000 | 00711nam a22002057a 4500 | ||
|---|---|---|---|
| 003 | OSt | ||
| 005 | 20140310181948.0 | ||
| 008 | 130725t xxu||||| |||| 00| 0 eng d | ||
| 050 |
_aHV 1568.6 _b.G946 1995 |
||
| 082 |
_aTR 305.9 _bGu94 1995 |
||
| 245 |
_aGuidebook on assisting disabled & elderly people who travel. / _cPhilippines. National Council for the Welfare of Disabled Persons. |
||
| 260 |
_aQuezon City : _bNational Council for the Welfare of Disabled Persons, _c1995. |
||
| 300 |
_aviii, 90 p. : _bill. ; _c23 cm. |
||
| 521 | _aFaculty | ||
| 541 | _j1 | ||
| 562 | _e1 | ||
| 650 | _2Aged -- Travel -- Guidebooks. | ||
| 650 | _2Handicapped -- Travel -- Guidebooks. | ||
| 942 |
_2lcc _cBK-TR _kTR |
||
| 999 |
_c7813 _d7813 |
||